Geographic information systems : (Record no. 22076)

MARC details
000 -LEADER
fixed length control field 01485cam a22003494a 4500
001 - CONTROL NUMBER
control field 13235312
003 - CONTROL NUMBER IDENTIFIER
control field OSt
005 - DATE AND TIME OF LATEST TRANSACTION
control field 20211209143208.0
008 - FIXED-LENGTH DATA ELEMENTS--GENERAL INFORMATION
fixed length control field 030612s2004 mauab b 001 0 eng
010 ## - LIBRARY OF CONGRESS CONTROL NUMBER
LC control number 2003056175
020 ## - INTERNATIONAL STANDARD BOOK NUMBER
International Standard Book Number 0072562420 (alk. paper)
020 ## - INTERNATIONAL STANDARD BOOK NUMBER
International Standard Book Number 0071215905 (ISE : alk. paper)
040 ## - CATALOGING SOURCE
Original cataloging agency DLC
Transcribing agency HU
Modifying agency DLC
042 ## - AUTHENTICATION CODE
Authentication code pcc
050 00 - LIBRARY OF CONGRESS CALL NUMBER
Classification number SD387.R4
Item number B48 2004
082 00 - DEWEY DECIMAL CLASSIFICATION NUMBER
Classification number 634.9/028
Edition number 21
100 1# - MAIN ENTRY--PERSONAL NAME
Personal name Bettinger, Pete,
Dates associated with a name 1962-
9 (RLIN) 22398
245 10 - TITLE STATEMENT
Title Geographic information systems :
Remainder of title applications in forestry and natural resources management / Peter Bettinger, Michael G. Wing.
250 ## - EDITION STATEMENT
Edition statement International ed.
260 ## - PUBLICATION, DISTRIBUTION, ETC.
Place of publication, distribution, etc. Boston [Mass.] :
Name of publisher, distributor, etc. McGraw-Hill, Higher Education,
Date of publication, distribution, etc. c2004.
300 ## - PHYSICAL DESCRIPTION
Extent x, 230 p. :
Other physical details ill., maps ;
Dimensions 28 cm.
504 ## - BIBLIOGRAPHY, ETC. NOTE
Bibliography, etc. note Includes bibliographical references and index.
650 #0 - SUBJECT ADDED ENTRY--TOPICAL TERM
Topical term or geographic name entry element Forests and forestry
General subdivision Remote sensing.
9 (RLIN) 11963
650 #0 - SUBJECT ADDED ENTRY--TOPICAL TERM
Topical term or geographic name entry element Natural resources
General subdivision Remote sensing.
9 (RLIN) 22399
650 #0 - SUBJECT ADDED ENTRY--TOPICAL TERM
Topical term or geographic name entry element Geographic information systems.
9 (RLIN) 6468
700 1# - ADDED ENTRY--PERSONAL NAME
Personal name Wing, Michael G.
9 (RLIN) 22400
856 41 - ELECTRONIC LOCATION AND ACCESS
Materials specified Table of contents only
Uniform Resource Identifier <a href="http://www.loc.gov/catdir/toc/mh031/2003056175.html">http://www.loc.gov/catdir/toc/mh031/2003056175.html</a>
856 42 - ELECTRONIC LOCATION AND ACCESS
Materials specified Publisher description
Uniform Resource Identifier <a href="http://www.loc.gov/catdir/enhancements/fy0632/2003056175-d.html">http://www.loc.gov/catdir/enhancements/fy0632/2003056175-d.html</a>
906 ## - LOCAL DATA ELEMENT F, LDF (RLIN)
a 7
b cbc
c orignew
d 1
e ocip
f 20
g y-gencatlg
942 ## - ADDED ENTRY ELEMENTS (KOHA)
Source of classification or shelving scheme Dewey Decimal Classification
Koha item type Books like text book referance book
Suppress in OPAC No
Holdings
Withdrawn status Lost status Source of classification or shelving scheme Damaged status Not for loan Collection code Home library Current library Shelving location Date acquired Total Checkouts Full call number Barcode Date last seen Copy number Price effective from Koha item type
    Dewey Decimal Classification     Reference Wondo Genet Library Wondo Genet Library General Stacks 12/09/2021   634. 9'028 BET 2004 WGCFNRL00009230 12/09/2021 1 12/09/2021 Books like text book referance book
    Dewey Decimal Classification     Reference Wondo Genet Library Wondo Genet Library General Stacks 12/09/2021   634. 9'028 BET 2004 WGCFNRL00009231 12/09/2021 2 12/09/2021 Books like text book referance book
    Dewey Decimal Classification     Reference Wondo Genet Library Wondo Genet Library General Stacks 12/09/2021   634. 9'028 BET 2004 WGCFNRL00009232 12/09/2021 3 12/09/2021 Books like text book referance book
    Dewey Decimal Classification     Reference Wondo Genet Library Wondo Genet Library General Stacks 03/15/2022   580 BET 2004 WGCFNRL0001343 03/15/2022 4 03/15/2022 Books like text book referance book